Cephalox (Record no. 1848)

MARC details
000 -LEADER
fixed length control field 00503nam a22002057a 4500
005 - DATE AND TIME OF LATEST TRANSACTION
control field 20231004153425.0
020 ## - INTERNATIONAL STANDARD BOOK NUMBER
International Standard Book Number 9780545427678
040 ## - CATALOGING SOURCE
Original cataloging agency FISKH
Language of cataloging eng
Transcribing agency FISKH
Modifying agency FISKH
082 ## - DEWEY DECIMAL CLASSIFICATION NUMBER
Classification number 741.5
100 ## - MAIN ENTRY--PERSONAL NAME
Personal name Blade, Adam
245 ## - TITLE STATEMENT
Title Cephalox
Remainder of title The cyber squid
Statement of responsibility, etc. Adam Blade
260 ## - PUBLICATION, DISTRIBUTION, ETC.
Place of publication, distribution, etc. New York :
Name of publisher, distributor, etc. Scholastic,
Date of publication, distribution, etc. 2012
300 ## - PHYSICAL DESCRIPTION
Extent 110, 12 unnumbered pages :
Dimensions 20 cm
490 ## - SERIES STATEMENT
Series statement Deep Dive
505 ## - FORMATTED CONTENTS NOTE
Formatted contents note M
521 ## - TARGET AUDIENCE NOTE
Target audience note 660 <br/>
Source Lexile
521 ## - TARGET AUDIENCE NOTE
Target audience note M <br/>
Source Raz-Plus
942 ## - ADDED ENTRY ELEMENTS (KOHA)
Source of classification or shelving scheme Dewey Decimal Classification
Koha item type Books
Suppress in OPAC No
999 ## -
-- 1848
-- 1848
Holdings
Withdrawn status Lost status Source of classification or shelving scheme Damaged status Not for loan Collection Home library Current library Shelving location Date acquired Total Checkouts Full call number Barcode Date last seen Date last checked out Price effective from Koha item type
    Dewey Decimal Classification     Juvenile Fiction Footprints International School Library Network Toul Kork Campus Footprints International School Library Network Toul Kork Campus   10/04/2023 2 BLA 741.5 PN6727.M55 FISTK00163 10/31/2025 10/17/2025 10/04/2023 Books